<?xml version="1.0" encoding="UTF-8"?><?xml-stylesheet type="text/xsl" href="static/style.xsl"?><OAI-PMH xmlns="http://www.openarchives.org/OAI/2.0/" xmlns:xsi="http://www.w3.org/2001/XMLSchema-instance" xsi:schemaLocation="http://www.openarchives.org/OAI/2.0/ http://www.openarchives.org/OAI/2.0/OAI-PMH.xsd"><responseDate>2026-04-27T08:07:18Z</responseDate><request verb="GetRecord" identifier="oai:uvadoc.uva.es:10324/42679" metadataPrefix="marc">https://uvadoc.uva.es/oai/request</request><GetRecord><record><header><identifier>oai:uvadoc.uva.es:10324/42679</identifier><datestamp>2021-06-23T11:26:23Z</datestamp><setSpec>com_10324_1173</setSpec><setSpec>com_10324_931</setSpec><setSpec>com_10324_894</setSpec><setSpec>col_10324_1373</setSpec></header><metadata><record xmlns="http://www.loc.gov/MARC21/slim" xmlns:doc="http://www.lyncode.com/xoai" xmlns:xsi="http://www.w3.org/2001/XMLSchema-instance" xmlns:dcterms="http://purl.org/dc/terms/" xsi:schemaLocation="http://www.loc.gov/MARC21/slim http://www.loc.gov/standards/marcxml/schema/MARC21slim.xsd">
<leader>00925njm 22002777a 4500</leader>
<datafield tag="042" ind1=" " ind2=" ">
<subfield code="a">dc</subfield>
</datafield>
<datafield tag="720" ind1=" " ind2=" ">
<subfield code="a">Mato Chaín, Fidel Antonio</subfield>
<subfield code="e">author</subfield>
</datafield>
<datafield tag="260" ind1=" " ind2=" ">
<subfield code="c">2020</subfield>
</datafield>
<datafield tag="520" ind1=" " ind2=" ">
<subfield code="a">Elaboración de screencasts/podcasts (vídeos que resultan de la grabación de imagen de pantalla y el sonido de las explicaciones del docente), que substituirán a una parte substancial de las explicaciones teóricas que tradicionalmente se llevan a cabo en el aula. Este método persigue resolver el problema de falta de tiempo, detectado en múltiples asignaturas, para aplicar el desarrollo práctico de los conocimientos adquiridos.</subfield>
</datafield>
<datafield tag="024" ind2=" " ind1="8">
<subfield code="a">Garrido Fernández, Juan M., V Congreso de Innovación Docente en Ingeniería Química, Santiago de Compostela, 2020, p. 25</subfield>
</datafield>
<datafield tag="024" ind2=" " ind1="8">
<subfield code="a">978-84-09-16465-3</subfield>
</datafield>
<datafield tag="024" ind2=" " ind1="8">
<subfield code="a">http://uvadoc.uva.es/handle/10324/42679</subfield>
</datafield>
<datafield tag="245" ind1="0" ind2="0">
<subfield code="a">Empleo de la metodología Flipped Classroom en las áreas de Ingeniería Química y Tecnologías del Medio Ambiente</subfield>
</datafield>
</record></metadata></record></GetRecord></OAI-PMH>